Sports Quiz

Random Sports or Country Quiz

Most European League Championships Quiz Stats

 Plays Quiz not verified by Sporcle

Score 0/52 Timer 10:00
0 Plays Today
League Team % Correct
English Premier LeagueManchester United
95.8%
Italian Serie AJuventus
90%
Spanish La LigaReal Madrid
87.1%
German Fußball-BundesligaBayern Munich
86.2%
Dutch EredivisieAjax
86%
Scottish Premier LeagueRangers
83.1%
Belgian Pro LeagueAnderlecht
79.4%
Portuguese Primeira LigaS.L. Benfica
75.3%
Greek SuperleagueOlympiacos
71.9%
Danish SuperligaFC København
67.3%
Ukrainian Premier LeagueDynamo Kyiv
66.6%
Bulgarian A Professional Football GroupCSKA Sofia
64.8%
Czech Gambrinus LigaSparta Prague
63%
Austrian Football BundesligaRapid Vienna
62%
Turkish Süper LigFenerbahçe S.K.
59.6%
Russian Premier LeagueSpartak Moscow
58.8%
Croatian Prva HNLDinamo Zagreb
57.4%
Serbian SuperLigaRed Star Belgrade
52.1%
Norwegian TippeligaenRosenborg
49.6%
French Ligue 1Saint-Étienne
49.4%
Cypriot First DivisionAPOEL F.C./AC Omonoia
48.9%
Swedish AllsvenskanMalmö FF
46.9%
Swiss Super LeagueGrasshopper Club Zürich
44.5%
Romanian Liga IFC Steaua Bucureşti
44%
Israeli Premier LeagueMaccabi Tel Aviv
44%
Belarusian Premier LeagueBATE
38.1%
League Team % Correct
Hungarian Nemzeti Bajnokság IFerencváros
35.9%
Finnish VeikkausliigaHJK
33.4%
Irish Premier DivisionShamrock Rovers
31.7%
Northern Irish PremiershipLinfield
29.6%
Albanian SuperligaKF Tirana
28.4%
Slovenian PrvaLigaNK Maribor
25.6%
Slovak SuperligaSlovan Bratislava
25.4%
Georgian Umaglesi LigaDinamo Tbilisi
22.3%
Latvian Higher LeagueSkonto FC
22.2%
Polish EkstraklasaGórnik Zabrze/Wisła Kraków
20.8%
Moldovan National DivisionFC Sheriff
15.6%
Estonian MeistriliigaFC Flora
14.8%
Icelandic ÚrvalsdeildKnattspyrnufélag Reykjavíkur
14.1%
Lithuanian A LygaFBK Kaunas
13.9%
Welsh Premier LeagueBarry Town
13.2%
Macedonian Football LeagueFK Vardar
9.1%
Azerbaijani Premier LeagueNeftchi Baku PFC
8.3%
Bosnian Premier LeagueFK Željezničar
8.3%
Luxembourgian National DivisionJeunesse d'Esch
8.2%
Armenian Premier LeaguePyunik
8.1%
Faroese Premier LeagueHavnar Bóltfelag
7.8%
Andorran Primera DivisióFC Santa Coloma
6.4%
San Marinese Football ChampionshipTre Fiori
4.6%
Maltese Premier LeagueSliema Wanderers
4%
Montenegrin First LeagueFK Mogren
2.8%
Kazakh Premier LeagueFC Irtysh
2.1%

You're not logged in!

Compare scores with friends on all Sporcle quizzes.
OR
Log In

Show Comments

Extras

Top Quizzes Today


Score Distribution

Your Account Isn't Verified!

In order to create a playlist on Sporcle, you need to verify the email address you used during registration. Go to your Sporcle Settings to finish the process.

Report this User

Report this user for behavior that violates our Community Guidelines.

Details: